[Event "WLS-chB 68th"]
[Site "Cardiff"]
[Date "2024.03.30"]
[Round "3"]
[White "White, Sam"]
[Black "Di Vetta, Andrew"]
[Result "0-1"]
[WhiteElo "1684"]
[BlackElo "1783"]
[PlyCount "46"]
[EventDate "2024.03.29"]
[EventType "swiss"]
[EventRounds "7"]
[EventCountry "WLS"]
[SourceTitle "CB14_2024"]
[SourceDate "2024.04.01"]
[SourceVersion "1"]
[SourceVersionDate "2024.04.01"]
[SourceQuality "1"]

1. d4 Nf6 2. Nf3 e6 3. Bf4 b6 4. Nc3 Bb7 5. e3 Be7 6. Bd3 0-0 7. 0-0 d6 8. e4 Nbd7 9. e5 Nd5 10. Nxd5 Bxd5 11. Nd2 f5 12. c4 Bb7 13. a3 dxe5 14. dxe5 g5 15. Bxg5 Bxg5 16. f4 Be7 17. Nb3 Nc5 18. Nxc5 Bxc5+ 19. Kh1 Qh4 20. Qe2 Kh8 21. b4 Bd4 22. Ra2 Rg8 23. Qd1 Rad8 0-1

[Event "GBR-ch Soanes op 106th"]
[Site "Torquay"]
[Date "2019.07.26"]
[Round "1"]
[White "Di Vetta, Andrew"]
[Black "Troughton, Nial"]
[Result "1/2-1/2"]
[WhiteElo "1735"]
[BlackElo "1566"]
[PlyCount "90"]
[EventDate "2019.07.26"]
[EventType "swiss"]
[EventRounds "5"]
[EventCountry "ENG"]
[SourceTitle "EXT 2021"]
[Source "ChessBase"]
[SourceDate "2020.10.23"]
[SourceVersion "1"]
[SourceVersionDate "2020.10.23"]
[SourceQuality "1"]

1. c4 g6 2. Nc3 Bg7 3. g3 d6 4. Bg2 e5 5. d3 c6 6. e4 Ne7 7. Qb3 Na6 8. Be3 0-0 9. Nge2 Nc5 10. Qc2 Ne6 11. Qd2 Nd4 12. 0-0 Bh3 13. f4 Bxg2 14. Kxg2 Nxe2 15. Nxe2 Qd7 16. Rad1 exf4 17. Bxf4 d5 18. Bh6 dxe4 19. Bxg7 Kxg7 20. dxe4 Qxd2 21. Rxd2 Rad8 22. Rfd1 Rxd2 23. Rxd2 Re8 24. Nf4 Ng8 25. Rd7 Re7 26. Rxe7 Nxe7 27. Kf3 Kf6 28. Nd3 b6 29. b4 h5 30. h4 Ke6 31. Kf4 f6 32. a4 Nc8 33. c5 Ne7 34. cxb6 axb6 35. a5 bxa5 36. bxa5 Kd6 37. a6 Kc7 38. Nb4 Kb6 39. e5 fxe5+ 40. Kxe5 Nf5 41. a7 Kxa7 42. Nxc6+ Kb6 43. Nd4 Nxg3 44. Kf6 Kc5 45. Ne6+ Kd6 1/2-1/2

[Event "Telford 4NCL U2050 op"]
[Site "Telford"]
[Date "2018.11.01"]
[Round "2"]
[White "Di Vetta, Andrew"]
[Black "Hughes, Peter2222"]
[Result "1/2-1/2"]
[WhiteElo "1681"]
[BlackElo "1874"]
[PlyCount "68"]
[EventDate "2018.10.31"]
[EventType "swiss"]
[EventRounds "9"]
[EventCountry "ENG"]
[SourceTitle "CBM 187 Extra"]
[Source "ChessBase"]
[SourceDate "2018.11.04"]
[SourceVersion "1"]
[SourceVersionDate "2018.11.04"]
[SourceQuality "1"]

1. c4 f5 2. d4 Nf6 3. Nf3 g6 4. Nc3 Bg7 5. g3 0-0 6. Bg2 d6 7. 0-0 Qe8 8. Qb3 h6 9. Nd2 Nc6 10. e3 e5 11. Nb5 Qe7 12. c5+ d5 13. Nc3 e4 14. a3 Kh8 15. Qd1 Be6 16. b4 a6 17. Nb3 g5 18. Bd2 Qf7 19. Na5 Nxa5 20. bxa5 Bd7 21. Rb1 Bc6 22. f3 Qg6 23. fxe4 fxe4 24. Qe2 h5 25. Bh3 g4 26. Bg2 Nh7 27. Rxf8+ Rxf8 28. Rf1 Ng5 29. Rxf8+ Bxf8 30. Qf2 Nf3+ 31. Kh1 Bh6 32. Bc1 Qg5 33. Ne2 Qe7 34. Nf4 Bxf4 1/2-1/2

[Event "Dyfed op 47th"]
[Site "Fishguard"]
[Date "2018.02.18"]
[Round "5"]
[White "Taylor, Robert Graham"]
[Black "Di Vetta, Andrew"]
[Result "1/2-1/2"]
[WhiteElo "1906"]
[BlackElo "1665"]
[PlyCount "89"]
[EventDate "2018.02.16"]
[EventType "swiss"]
[EventRounds "5"]
[EventCountry "WLS"]
[SourceTitle "EXT 2020"]
[Source "ChessBase"]
[SourceDate "2019.10.17"]
[SourceVersion "1"]
[SourceVersionDate "2019.10.17"]
[SourceQuality "1"]

1. e4 e6 2. Nf3 d5 3. c3 dxe4 4. Qa4+ Bd7 5. Qxe4 Bc6 6. Qe2 Qd5 7. d3 b6 8. Bf4 Bd6 9. c4 Qh5 10. Bxd6 cxd6 11. Nd4 Qxe2+ 12. Bxe2 Ne7 13. 0-0 0-0 14. Nc3 Nd7 15. Nxc6 Nxc6 16. Nb5 d5 17. cxd5 exd5 18. Nc7 Nd4 19. Bd1 Rad8 20. Nxd5 Nc5 21. Nf4 g5 22. Nh3 h6 23. f4 f6 24. fxg5 fxg5 25. Nf2 Nf5 26. Ng4 Kg7 27. Bc2 Nd4 28. Rxf8 Rxf8 29. Bd1 Nxd3 30. b3 Re8 31. Bf3 Nxf3+ 32. gxf3 Re1+ 33. Rxe1 Nxe1 34. Ne5 Kf6 35. Ng4+ Kg6 36. Kf2 Nd3+ 37. Ke3 Nc1 38. Ne5+ Kf5 39. Nc6 a6 40. Nd4+ Ke5 41. a3 a5 42. b4 axb4 43. Nc6+ Kd6 44. Nxb4 Nb3 45. Nd3 1/2-1/2

[Event "Dyfed op 47th"]
[Site "Fishguard"]
[Date "2018.02.17"]
[Round "3"]
[White "Di Vetta, Andrew"]
[Black "Brown, Thomas"]
[Result "1/2-1/2"]
[WhiteElo "1665"]
[BlackElo "2085"]
[PlyCount "64"]
[EventDate "2018.02.16"]
[EventType "swiss"]
[EventRounds "5"]
[EventCountry "WLS"]
[SourceTitle "EXT 2020"]
[Source "ChessBase"]
[SourceDate "2019.10.17"]
[SourceVersion "1"]
[SourceVersionDate "2019.10.17"]
[SourceQuality "1"]

1. Nf3 g6 2. g3 c5 3. Bg2 Bg7 4. c4 Nc6 5. 0-0 e6 6. Nc3 Nge7 7. e3 0-0 8. d3 d5 9. Rb1 b6 10. a3 Bb7 11. Qc2 Qd7 12. b3 Rfd8 13. Bb2 d4 14. exd4 Nxd4 15. Nxd4 Bxg2 16. Kxg2 Bxd4 17. Rbd1 Kg7 18. Ne4 Nc6 19. Bc1 Qb7 20. f3 Ne7 21. Rfe1 h6 22. Nf2 Bxf2 23. Kxf2 Nf5 24. Bb2+ Nd4 25. Bxd4+ Rxd4 26. Qe2 Re8 27. b4 Qe7 28. Qb2 f6 29. Re4 Rd6 30. d4 cxd4 31. Rexd4 Red8 32. R1d3 Rxd4 1/2-1/2